| 000 | 00817nam a2200289Ia 4500 | ||
|---|---|---|---|
| 001 | 674 | ||
| 003 | IT-RoPAU | ||
| 008 | 130308s9999 xx 000 0 und d | ||
| 040 | _aIT-RoPAU | ||
| 040 | _cIT-RoPAU | ||
| 041 | _aITALIANO | ||
| 100 | _aBaragli Enrico | ||
| 100 | _gCodice Aut. SPICS: 9603 | ||
| 245 | _aIncidenza qualitativa degli strumenti di comunicazione sociale | ||
| 245 | _bApostolato della Comunicazione Sociale (L') | ||
| 250 | _a1a ed. | ||
| 260 | _aROMA | ||
| 260 | _bCentro Cattolico Stampa | ||
| 260 | _c1965 [1° Ed.:1965 - Ed.Ling.Originale:1964] | ||
| 300 | _a"8 p. (prefazione: no ; testo: 8 [pagine: 77-84])" | ||
| 650 | _aCONVEGNI/MANIFESTAZIONI PASTORALE D.CS | ||
| 650 | _eCodice materia Spics: 9315 | ||
| 942 | _cBK | ||
| 957 | _71 | ||
| 999 |
_c64686 _d64686 |
||
| 999 | _bSI | ||
| 999 | _g1 | ||